000 00925nam a2200265 a 4500
999 _c128354
_d128354
001 1452233
003 ARRUPE
005 20181009121323.0
008 860730s1985 au b 001 0 ger
010 _a 85202504
020 _a3702215484
040 _aDLC
_cDLC
_dDLC
043 _afb-----
050 0 0 _aBT30.A4
_bR911 1985
100 1 _aRücker, Heribert.
_942841
245 1 0 _a"Afrikanische Theologie" :
_bDarstellung und Dialog /
_cHeribert Rücker.
260 _aInnsbruck :
_bTyrolia,
_c1985.
300 _a271 p. ;
_c23 cm.
440 0 _aInnsbrucker theologische Studien ;
_vBd. 14
_942842
500 _aOriginally presented as the author's thesis (doctoral--Ruhr-Universität Bochum, 1983)
500 _aIncludes indexes.
504 _aBibliography: p. [239]-266.
650 0 _aTheology, Doctrinal
_zAfrica, Sub-Saharan.
_926850
906 _a7
_bcbc
_corignew
_d4
_encip
_f19
_gy-gencatlg
942 _2lcc
_cMONOGRAPH